Statistiken für Fiktive Charaktere anhand von Hüten erraten

Klicken Sie hier um das Quiz zu spielen!

Allgemein

  • Dieses Quiz wurde 196 mal gespielt
  • Das Durchschnittsergebnis liegt bei 7 aus 12

Antwortstatistiken

Antwort% Korrekt
Dagobert Duck
91%
Indiana Jones
86%
Jack Sparrow
84%
Paddington
69%
Sherlock Holmes
65%
Forrest Gump
64%
Willy Wonka
52%
Woody
50%
Ash Ketchum
48%
Mary Poppins
48%
Crocodile Dundee
33%
Stan Marsh
21%

Verteilung der Resultate

Perzentil nach korrekt beantworteten Fragen

Anzahl Personen mit jedem Resultat

Ihre Resultats-Entwicklung

Sie haben dieses Quiz noch nicht gespielt